| Tag |
First Indicator |
Second Indicator |
Subfields |
| LEADER |
00000cam a2200000Ia 4500 |
| 001 |
in00001785083 |
| 005 |
20220105122618.0 |
| 006 |
m d |
| 007 |
cr cn- |
| 008 |
021203s2002 nyua s 001 0 eng d |
| 020 |
|
|
|a 0814426506 (electronic bk.)
|
| 035 |
|
|
|a (OCoLC)ocm51113372
|
| 040 |
|
|
|a N$T
|c N$T
|d UtOrBLW
|
| 043 |
|
|
|a n-us---
|
| 049 |
|
|
|a IKMN
|
| 050 |
1 |
4 |
|a HF1416.5
|b .J64 2002eb
|
| 082 |
0 |
4 |
|a 658.8/48
|2 21
|
| 100 |
1 |
|
|a Johnson, Thomas E.,
|d 1948-
|0 http://id.loc.gov/authorities/names/n90680798
|
| 245 |
1 |
0 |
|a Export/import procedures and documentation /
|c Thomas E. Johnson.
|
| 250 |
|
|
|a 4th ed.
|
| 264 |
|
1 |
|a New York :
|b AMACOM,
|c [2002]
|
| 264 |
|
4 |
|c ©2002
|
| 300 |
|
|
|a xxii, 583 pages :
|b illustrations ;
|c 29 cm.
|
| 336 |
|
|
|a text
|b txt
|2 rdacontent
|
| 337 |
|
|
|a computer
|b c
|2 rdamedia
|
| 338 |
|
|
|a online resource
|b cr
|2 rdacarrier
|
| 500 |
|
|
|a Includes index.
|
| 533 |
|
|
|a Electronic reproduction.
|b Boulder, Colo. :
|c NetLibrary,
|d 2002.
|n Available via World Wide Web.
|n Access may be limited to NetLibrary affiliated libraries.
|
| 500 |
|
|
|a Electronic resource.
|
| 650 |
|
0 |
|a Export marketing
|z United States.
|0 http://id.loc.gov/authorities/subjects/sh2008120106
|
| 650 |
|
0 |
|a Exports
|z United States
|x Forms.
|
| 650 |
|
0 |
|a Imports
|z United States
|x Forms.
|
| 650 |
|
0 |
|a Foreign trade regulation.
|0 http://id.loc.gov/authorities/subjects/sh85050531
|
| 650 |
|
0 |
|a International trade.
|0 http://id.loc.gov/authorities/subjects/sh87004890
|
| 655 |
|
7 |
|a Electronic books.
|2 local
|
| 710 |
2 |
|
|a NetLibrary, Inc.
|0 http://id.loc.gov/authorities/names/no99080690
|
| 776 |
1 |
|
|c Original
|z 081440734X
|w (DLC) 2002023610
|w (OCoLC)49260159
|
| 856 |
4 |
1 |
|u https://proxy.library.tamu.edu/login?url=http://www.netLibrary.com/urlapi.asp?action=summary&v=1&bookid=72955
|z Connect to the full text of this electronic book
|t 0
|
| 994 |
|
|
|a 92
|b IKM
|
| 999 |
|
|
|a MARS
|
| 999 |
f |
f |
|s c5fc2eba-b7bf-3b6c-82ea-37ae3dd9ccd5
|i 587c0ce9-fc04-3565-b515-4f8cadf5428e
|t 0
|
| 952 |
f |
f |
|a Texas A&M University
|b College Station
|c Electronic Resources
|d Available Online
|t 0
|e HF1416.5 .J64 2002eb
|h Library of Congress classification
|
| 998 |
f |
f |
|a HF1416.5 .J64 2002eb
|t 0
|l Available Online
|